000 00651nam a22002177a 4500
003 UA-OsUOA
001 79298
007 ta
008 20111108b un ||||| |||| 00| 0 ukr d
100 _aРешетилова О.
090 _a82
_bР47
942 _cSA
040 _aUA-OsUOA
_bukr
_cUA-OsUOA
_dUA-OsUOA
245 _aІван Дзюба про Ліну Костенко. ВИйшов у світ перший тираж видання "Є поети дл епох"
300 _aС.6
955 _a0
041 _aukr
080 _a82
773 0 _w79297
650 7 _a82 Література. Літературознавство
_2UDC
999 _c365616
_d365616